000 00519nam a2200205Ia 4500
001 8228
003 IVS
005 20250626025602.0
008 211022s9999 xx 000 0 und d
040 _cIVS
082 _a746 HUM
100 _aHumera Usmani
245 0 _aPouch a fashionable tradition
260 _aKarachi
260 _bIndus Valley School
260 _c2005
300 _av. p.
856 _uhttps://drive.google.com/file/d/16KCY4gaVNRvyY4Qz5h9gLkuWyOaW44Kp/view?usp=sharing
942 _cDISS
_2ddc
_n0
999 _c5756
_d5756